|
|
|
|
| LEADER |
00635cam a2200181 7i4500 |
| 001 |
0000029054 |
| 005 |
20130221090000.0 |
| 090 |
0 |
0 |
|a EGPT 610.284
|b MAL
|
| 110 |
2 |
0 |
|a Malaysia External trade Development Corporation (MATRADE)
|
| 245 |
2 |
0 |
|a Medical devices in Egypt 2012.
|
| 260 |
0 |
0 |
|a Cairo:
|b MATRADE Cairo,
|c 2012.
|
| 300 |
# |
# |
|a 26 p.
|
| 440 |
0 |
0 |
|a Product market study : 2012
|
| 650 |
0 |
0 |
|a Medical devices --
|x Markets --
|z Egypt
|
| 650 |
0 |
0 |
|a Medical instruments and apparatus --
|x Markets --
|z Egypt
|
| 650 |
0 |
0 |
|a Medical products --
|x Markets --
|z Egypt
|
| 651 |
0 |
0 |
|a Egypt
|
| 999 |
|
|
|a 0000031878
|b Book
|c Countries
|e Business Information Centre
|